Archives of infamy (Record no. 1226763)

MARC details
000 -LEADER
fixed length control field 00578nam a2200217Ia 4500
005 - DATE AND TIME OF LATEST TRANSACTION
control field 20241129105945.0
008 - FIXED-LENGTH DATA ELEMENTS--GENERAL INFORMATION
fixed length control field 241129s9999||||xx |||||||||||||| ||und||
020 ## - INTERNATIONAL STANDARD BOOK NUMBER
International Standard Book Number 978-1-5179-0111-0
037 ## - SOURCE OF ACQUISITION
Stock number TB
040 ## - CATALOGING SOURCE
Original cataloging agency ARTS
Language of cataloging eng
Transcribing agency ARTS
041 ## - LANGUAGE CODE
Language code of text/sound track or separate title eng
Source of code eng
084 ## - COLON CLASSIFICATION NUMBER
Classification number Y2v53 Q9
Assigning agency ARTS
100 ## - MAIN ENTRY--PERSONAL NAME
Personal name Luxon Nancy Au.
9 (RLIN) 726694
245 #0 - TITLE STATEMENT
Title Archives of infamy
Statement of responsibility, etc. Luxon Nancy Au.
260 ## - PUBLICATION, DISTRIBUTION, ETC.
Place of publication, distribution, etc. UK
Name of publisher, distributor, etc. University of Minnesota Press
Date of publication, distribution, etc. 2019
300 ## - PHYSICAL DESCRIPTION
Extent xi,371p.
365 ## - TRADE PRICE
Price type code UKP
Price amount 23.99
650 ## - SUBJECT ADDED ENTRY--TOPICAL TERM
Topical term or geographic name entry element Sociology
942 ## - ADDED ENTRY ELEMENTS (KOHA)
Koha item type Textbook
Classification part Y2v53 Q9
Holdings
Withdrawn status Lost status Damaged status Not for loan Home library Current library Date acquired Source of acquisition Cost, normal purchase price Inventory number Total Checkouts Full call number Barcode Date last seen Price effective from Koha item type
        Arts Library Arts Library 2024-11-29 Efficient Book Distributors 23.99 9189 & 20/02/2023   Y2v53 Q9 AL1667796 2024-11-29 2024-11-29 Textbook
Copyright @ Delhi University Library System